00695cam a2200205 a 450000100100000000500170001000800410002702000150006804000250008308200180010810000350012624500490016126000730021030000200028349000250030349000700032858600300039865000240042865000370045200000594720200929151844.0801117s1978 sp 001 p spa  a8400044053 aDO-SdBNPbspacBNPHU a861.64bP181b1 aPalomero, Visitación,d1954-10aBajo las alusiones /cVisitación Palomero. aZaragoza, España :bInstitución Fernando el Católico,c[1978]. a56 p. ;c25 cm.1 a"San Jorge"vvol. 191 aPublicación de la Institución Fernando el Católicovno. 705 aPremio "San Jorge", 1978. 4aPoesía española 4aLiteratura españolaySIGLO XXI